000 00438nam a2200157Ia 4500
008 100122s9999 xx 000 0 und d
082 _b46183
_a294.5923
100 _aसप्रे मधुवंती
245 _aद्रोपदी
250 _a1
260 _bशब्दरत्न प्रकाशन
_c1991
300 _a118
630 _aद्रोपदी
730 _aद्रोपदी
942 _cBOOK
999 _c425427
_d425424